| 000 | 00551nam a2200169 a 4500 | ||
|---|---|---|---|
| 005 | 20140412111424.0 | ||
| 008 | 080201s19uu xx 00 eng d | ||
| 020 | _a0-9703971-1-9 | ||
| 050 |
_aTR(PS E _bDa12 2001 |
||
| 100 | _aRubin, Howie | ||
| 245 |
_aDads / _cHowie Rubin. |
||
| 260 |
_aPortland : _bHowie haus book, _c2001. |
||
| 520 | _aThis multicultural look at what being a dad is really all about in the contemporary world. | ||
| 650 |
_aFather and child _xJuvenile literature |
||
| 650 |
_aFathers _xJuvenile literature |
||
| 999 |
_c106156 _d106156 |
||